000 00347nam a2200157Ia 4500
003 Ost
005 20260225132551.0
008 260225s9999||||xx |||||||||||||| ||und||
040 _cfsic
041 _afre
082 _a953.5
100 _aPierre leprohon
_eAuteur
245 0 _aCharles Chaplin /
245 0 _cPierre leprohon
942 _cكتاب
999 _c34162
_d34162